00898nam a2200241Ia 450000100060000000300090000600800410001504000130005604000130006904100130008210000240009510000290011924500460014824500910019425000110028526000110029626000080030726000490031530000560036450001740042065000310059465000310062586876IT-RoPAU130308s9999 xx 000 0 und d aIT-RoPAU cIT-RoPAU aITALIANO aPellitteri Giuseppe gCodice Aut. SPICS: 2751 aGrafica come tecnologia della stampa (La) bEnciclopedia della Stampa-1-Grafica, panorami Storici, Linguaggi e Stampa, Entipologia a1a ed. aTORINO bSEI c1969 [1° Ed.:1969 - Ed.Ling.Originale:1969] a"19 p. (prefazione: no ; testo: 19 [pagine: 8-26])" aAttualità e Vitalità della Stampa grafica Come dottrina Sistematica Derivata Dall'Attività di tecnici Tecnologi e Scienziati classificazione Decimale della Grafica aENCICLOPEDIE SULL'EDITORIA eCodice materia Spics: 6601